[Event "Mindsports Open 5th"]
[Site "London"]
[Date "2025.08.16"]
[Round "6.38"]
[White "Lee, Kah Meng Elgin"]
[Black "Steiners, Emils"]
[Result "0-1"]
[WhiteElo "2036"]
[BlackElo "1933"]
[PlyCount "92"]
[EventDate "2025.08.13"]
[EventType "swiss"]
[EventRounds "9"]
[EventCountry "ENG"]
[SourceTitle "BritBase"]
[Source "John Saunders"]
[SourceDate "2025.08.18"]
[SourceVersion "1"]
[SourceVersionDate "2025.08.18"]
[SourceQuality "1"]

1. d4 d5 2. c4 e6 3. Nc3 Nf6 4. Bg5 Nbd7 5. Nf3 c6 6. e3 Qa5 7. Nd2 dxc4 8. Bxf6 Nxf6 9. Nxc4 Qc7 10. Bd3 b5 11. Ne5 Bd6 12. f4 a6 13. Rc1 Bb7 14. Ne4 Nxe4 15. Bxe4 c5 16. Qf3 Bxe4 17. Qxe4 Qa5+ 18. Ke2 O-O 19. dxc5 Bxe5 20. Qxe5 Qxa2 21. Rhd1 f6 22. Qc3 e5 23. g3 exf4 24. exf4 g5 25. Kf2 Qe6 26. Qe3 Qf5 27. Kg1 Rae8 28. Qb3+ Kh8 29. fxg5 Qxg5 30. Re1 Rxe1+ 31. Rxe1 Qxc5+ 32. Qe3 Qd6 33. Qc3 Kg7 34. b4 Rf7 35. Rc1 Re7 36. Re1 Rc7 37. Qb2 Qd3 38. Rf1 Qe3+ 39. Kg2 Qe4+ 40. Kg1 Qe7 41. Rf4 Qe6 42. Qd2 Rd7 43. Qf2 Rd1+ 44. Kg2 Rd5 45. Qa7+ Kg6 46. Qf2 Qc6 0-1

[Event "Mindsports Open 5th"]
[Site "London"]
[Date "2025.08.16"]
[Round "6.39"]
[White "Mittal, Aditya"]
[Black "White, Stuart A"]
[Result "1/2-1/2"]
[WhiteElo "1927"]
[BlackElo "2095"]
[PlyCount "101"]
[EventDate "2025.08.13"]
[EventType "swiss"]
[EventRounds "9"]
[EventCountry "ENG"]
[SourceTitle "BritBase"]
[Source "John Saunders"]
[SourceDate "2025.08.18"]
[SourceVersion "1"]
[SourceVersionDate "2025.08.18"]
[SourceQuality "1"]

1. e4 c5 2. c3 Nf6 3. e5 Nd5 4. Nf3 d6 5. Bb5+ Bd7 6. Bc4 e6 7. d4 cxd4 8. Bxd5 exd5 9. O-O dxe5 10. Nxe5 Nc6 11. Nxc6 bxc6 12. Qxd4 Be6 13. Re1 c5 14. Qa4+ Qd7 15. Qxd7+ Kxd7 16. Bf4 Be7 17. Nd2 g5 18. Be3 a5 19. Rad1 h6 20. Nc4 Rhb8 21. Ne5+ Kc7 22. b3 Bd6 23. f4 a4 24. Rb1 axb3 25. axb3 f6 26. Nf3 Bf5 27. Rbd1 Rxb3 28. fxg5 hxg5 29. Rxd5 Be6 30. Rd3 Bc4 31. Nd2 Bxd3 32. Nxb3 Kc6 33. Nd2 Ra3 34. Rc1 Kb5 35. g3 Be5 36. c4+ Kb4 37. h4 gxh4 38. gxh4 f5 39. Re1 Ra1 40. Kf2 Rxe1 41. Kxe1 f4 42. Nf3 Bd6 43. Bd2+ Kxc4 44. Ng5 Kb3 45. Ne6 f3 46. Kf2 Kc2 47. Be3 Be2 48. Bxc5 Be5 49. Nd4+ Bxd4+ 50. Bxd4 Bd3 51. Kxf3 1/2-1/2

[Event "Mindsports Open 5th"]
[Site "London"]
[Date "2025.08.16"]
[Round "6.40"]
[White "Pereslavtsev, Alexandr"]
[Black "Leung, Hao Ran"]
[Result "1/2-1/2"]
[WhiteElo "2079"]
[BlackElo "1915"]
[PlyCount "105"]
[EventDate "2025.08.13"]
[EventType "swiss"]
[EventRounds "9"]
[EventCountry "ENG"]
[SourceTitle "BritBase"]
[Source "John Saunders"]
[SourceDate "2025.08.18"]
[SourceVersion "1"]
[SourceVersionDate "2025.08.18"]
[SourceQuality "1"]

1. d4 d5 2. c4 c6 3. Nc3 Nf6 4. Nf3 e6 5. Bg5 h6 6. Bh4 Be7 7. e3 Ne4 8. Bxe7 Nxc3 9. bxc3 Qxe7 10. Bd3 Nd7 11. cxd5 cxd5 12. O-O O-O 13. c4 dxc4 14. Bxc4 b6 15. Re1 Bb7 16. e4 Rfd8 17. Qd2 Rac8 18. Bb3 Nf8 19. Rad1 Nd7 20. d5 exd5 21. exd5 Qd6 22. Nd4 Qf6 23. Re3 Nc5 24. Rf3 Nxb3 25. axb3 Qg5 26. Qxg5 hxg5 27. Nf5 Rc5 28. Rfd3 g6 29. Ne7+ Kf8 30. d6 Rd7 31. f3 Re5 32. b4 a6 33. Kf2 Re6 34. g3 Rf6 35. Nd5 Bxd5 36. Rxd5 g4 37. f4 Re6 38. R1d4 f5 39. Rd2 Kf7 40. Kg2 Re4 41. b5 a5 42. h3 gxh3+ 43. Kxh3 Ke6 44. R5d3 a4 45. Kg2 Rb4 46. Re2+ Kf7 47. Re5 Rb3 48. Rxb3 axb3 49. Re3 Rxd6 50. Rxb3 Rd5 51. Kf3 Ke6 52. Re3+ Kf7 53. Rb3 1/2-1/2

[Event "Mindsports Open 5th"]
[Site "London"]
[Date "2025.08.16"]
[Round "6.41"]
[White "Steenfatt, Niklas"]
[Black "Leong, Aiden"]
[Result "0-1"]
[WhiteElo "1810"]
[BlackElo "2068"]
[PlyCount "76"]
[EventDate "2025.08.13"]
[EventType "swiss"]
[EventRounds "9"]
[EventCountry "ENG"]
[SourceTitle "BritBase"]
[Source "John Saunders"]
[SourceDate "2025.08.18"]
[SourceVersion "1"]
[SourceVersionDate "2025.08.18"]
[SourceQuality "1"]

1. e4 c6 2. d4 d5 3. Nc3 dxe4 4. Nxe4 Bf5 5. Ng3 Bg6 6. h4 h6 7. Nh3 Nf6 8. Nf4 Bh7 9. Bc4 e5 10. Nfh5 Qxd4 11. Nxf6+ gxf6 12. Qxd4 exd4 13. O-O Bxc2 14. Re1+ Be7 15. Bf4 Kf8 16. Ne4 Nd7 17. Bb3 Bxb3 18. axb3 Ne5 19. Red1 c5 20. b4 b6 21. bxc5 bxc5 22. Ra5 Kg7 23. Ng3 Rhe8 24. Nf5+ Kg6 25. Nxe7+ Rxe7 26. Rxc5 Rd8 27. f3 h5 28. Kf2 Kf5 29. Bg3 Rb7 30. Rd2 Ke6 31. f4 Ng4+ 32. Kf3 Rb3+ 33. Ke2 Rxg3 34. f5+ Kd6 35. Ra5 Rxg2+ 36. Ke1 Re8+ 37. Kd1 Ne3+ 38. Ke1 Nc4+ 0-1

[Event "Mindsports Open 5th"]
[Site "London"]
[Date "2025.08.16"]
[Round "6.42"]
[White "Oleszczuk, Artur"]
[Black "Mokhber-Garcia, Sebastian"]
[Result "1/2-1/2"]
[WhiteElo "1868"]
[BlackElo "1962"]
[PlyCount "43"]
[EventDate "2025.08.13"]
[EventType "swiss"]
[EventRounds "9"]
[EventCountry "ENG"]
[SourceTitle "BritBase"]
[Source "John Saunders"]
[SourceDate "2025.08.18"]
[SourceVersion "1"]
[SourceVersionDate "2025.08.18"]
[SourceQuality "1"]

1. e4 e5 2. d4 exd4 3. c3 Qe7 4. cxd4 Qxe4+ 5. Be3 Nf6 6. Nc3 Bb4 7. Nf3 Nd5 8. Qd2 Nxc3 9. bxc3 Ba5 10. Bd3 Qe7 11. O-O O-O 12. Rfe1 Qa3 13. Bh6 f6 14. Ne5 d5 15. Bxg7 Kxg7 16. Re3 fxe5 17. Rg3+ Kf7 18. Qh6 e4 19. Rg7+ Ke8 20. Qh5+ Kd8 21. Qg5+ Ke8 22. Qh5+ 1/2-1/2

[Event "Mindsports Open 5th"]
[Site "London"]
[Date "2025.08.16"]
[Round "6.43"]
[White "Wang, Luoke"]
[Black "Ding, Yiwen"]
[Result "1-0"]
[WhiteElo "1944"]
[BlackElo "1844"]
[PlyCount "81"]
[EventDate "2025.08.13"]
[EventType "swiss"]
[EventRounds "9"]
[EventCountry "ENG"]
[SourceTitle "BritBase"]
[Source "John Saunders"]
[SourceDate "2025.08.18"]
[SourceVersion "1"]
[SourceVersionDate "2025.08.18"]
[SourceQuality "1"]

1. d4 d5 2. c4 e6 3. Nf3 Nf6 4. g3 Be7 5. Bg2 O-O 6. O-O b6 7. cxd5 exd5 8. Nc3 Bb7 9. Ne5 Nbd7 10. Qa4 Nb8 11. Bf4 Nh5 12. Bd2 c6 13. Rac1 Qd6 14. a3 Rd8 15. Qb3 Nd7 16. f4 Nf8 17. e4 Nf6 18. Be3 Rac8 19. Rcd1 Ne6 20. f5 Nf8 21. Bf4 Nh5 22. Nxf7 Qf6 23. Nxd8 Rxd8 24. Be3 Kh8 25. e5 Qf7 26. g4 Ba6 27. Rf3 g6 28. f6 Nxf6 29. exf6 Bd6 30. Bf4 Bxf4 31. Rxf4 Ne6 32. Rf2 Bc4 33. Qc2 Re8 34. Bf1 Ng5 35. Qd2 Ne4 36. Nxe4 Rxe4 37. Bxc4 dxc4 38. h3 b5 39. Re1 Re8 40. Rxe8+ Qxe8 41. f7 1-0

[Event "Mindsports Open 5th"]
[Site "London"]
[Date "2025.08.16"]
[Round "6.44"]
[White "Kilambi, Venkata Ananth Aksh"]
[Black "Ding, Yicheng"]
[Result "1-0"]
[WhiteElo "1936"]
[BlackElo "1793"]
[PlyCount "109"]
[EventDate "2025.08.13"]
[EventType "swiss"]
[EventRounds "9"]
[EventCountry "ENG"]
[SourceTitle "BritBase"]
[Source "John Saunders"]
[SourceDate "2025.08.18"]
[SourceVersion "1"]
[SourceVersionDate "2025.08.18"]
[SourceQuality "1"]

1. Nf3 Nf6 2. c4 e6 3. Nc3 d5 4. e3 Be7 5. b3 O-O 6. Bb2 b6 7. d4 Bb7 8. Bd3 Nbd7 9. O-O Rc8 10. Rc1 c5 11. Qe2 cxd4 12. exd4 h6 13. Rfe1 Re8 14. Ne5 dxc4 15. Nxc4 Nd5 16. Nxd5 Bxd5 17. Ne3 Rxc1 18. Rxc1 Bb7 19. Bb5 Rf8 20. Qc4 Bd6 21. Qa4 Nf6 22. Qxa7 Ba8 23. Bc6 Bxh2+ 24. Kxh2 Qd6+ 25. Kg1 Bxc6 26. Ba3 Qd7 27. Qxd7 Bxd7 28. Bxf8 Kxf8 29. Nc4 Nd5 30. a3 Ke7 31. f3 g5 32. Kf2 h5 33. g3 f5 34. Rh1 g4 35. Rxh5 gxf3 36. Rh7+ Ke8 37. Kxf3 Bc6 38. Rh8+ Ke7 39. Ne5 Bb5 40. a4 Be8 41. Rh7+ Kd6 42. Ke2 Nc3+ 43. Kd3 Nd5 44. Rb7 Nb4+ 45. Kc3 Bc6 46. Nxc6 Nd5+ 47. Kc4 Kxc6 48. Rb8 Ne3+ 49. Kd3 Nd5 50. Re8 Kd7 51. Rh8 Kc6 52. Rh1 Nb4+ 53. Kc4 Nd5 54. Re1 Nc7 55. Rxe6+ 1-0

[Event "Mindsports Open 5th"]
[Site "London"]
[Date "2025.08.16"]
[Round "6.45"]
[White "White, Chris"]
[Black "Golub, Nikolina"]
[Result "0-1"]
[WhiteElo "1817"]
[BlackElo "1933"]
[PlyCount "82"]
[EventDate "2025.08.13"]
[EventType "swiss"]
[EventRounds "9"]
[EventCountry "ENG"]
[SourceTitle "BritBase"]
[Source "John Saunders"]
[SourceDate "2025.08.18"]
[SourceVersion "1"]
[SourceVersionDate "2025.08.18"]
[SourceQuality "1"]

1. d4 Nf6 2. Nf3 e6 3. Nc3 d5 4. e3 Be7 5. Bd3 O-O 6. O-O Nbd7 7. e4 dxe4 8. Nxe4 Nxe4 9. Bxe4 Nf6 10. Bd3 b6 11. Qe2 Bb7 12. Rd1 Qd6 13. c4 c5 14. dxc5 Qxc5 15. Ne5 Rad8 16. a3 Bd6 17. Bf4 g6 18. b4 Qc7 19. c5 bxc5 20. bxc5 Qxc5 21. Bxg6 hxg6 22. Rac1 Qxa3 23. Nc4 Qa6 24. Bxd6 Rfe8 25. Be5 Nh7 26. Ba1 Rxd1+ 27. Qxd1 Rc8 28. Ne3 Rxc1 29. Qxc1 Qc6 30. Qb2 f6 31. h3 Kf7 32. Kh2 a5 33. Qd4 Qc7+ 34. f4 g5 35. g3 gxf4 36. gxf4 Ke8 37. Nc4 Kf8 38. Kg3 Bd5 39. Ne3 Bb7 40. Qd3 Ng5 41. Ng4 Ne4+ 0-1

[Event "Mindsports Open 5th"]
[Site "London"]
[Date "2025.08.16"]
[Round "6.46"]
[White "Rice, Leah"]
[Black "Aleksenko, Maksim"]
[Result "1-0"]
[WhiteElo "1979"]
[BlackElo "1893"]
[PlyCount "77"]
[EventDate "2025.08.13"]
[EventType "swiss"]
[EventRounds "9"]
[EventCountry "ENG"]
[SourceTitle "BritBase"]
[Source "John Saunders"]
[SourceDate "2025.08.18"]
[SourceVersion "1"]
[SourceVersionDate "2025.08.18"]
[SourceQuality "1"]

1. d4 Nf6 2. c4 g6 3. Nc3 Bg7 4. Nf3 O-O 5. Bg5 d6 6. e3 Nbd7 7. Be2 c6 8. e4 e5 9. d5 h6 10. Be3 Ng4 11. Bc1 Nc5 12. h3 Nf6 13. Nd2 a5 14. a4 Nh7 15. Nb3 Na6 16. dxc6 bxc6 17. c5 dxc5 18. Qxd8 Rxd8 19. Bxa6 Bxa6 20. Nxc5 Bc8 21. O-O f5 22. b3 Bf8 23. Ba3 Bxc5 24. Bxc5 Rd3 25. Rac1 Be6 26. Rfd1 Rad8 27. Rxd3 Rxd3 28. Bb6 Bxb3 29. Bxa5 Nf6 30. Bc7 Nd7 31. a5 Bc4 32. exf5 gxf5 33. Na4 Rd4 34. Bb6 Nxb6 35. axb6 Bb5 36. b7 Rd8 37. Nc5 Rb8 38. Ra1 Kf7 39. Ra8 1-0

[Event "Mindsports Open 5th"]
[Site "London"]
[Date "2025.08.16"]
[Round "6.47"]
[White "Fil, Alkim Alper"]
[Black "Li, Harvey"]
[Result "1-0"]
[WhiteElo "1900"]
[BlackElo "1870"]
[PlyCount "103"]
[EventDate "2025.08.13"]
[EventType "swiss"]
[EventRounds "9"]
[EventCountry "ENG"]
[SourceTitle "BritBase"]
[Source "John Saunders"]
[SourceDate "2025.08.18"]
[SourceVersion "1"]
[SourceVersionDate "2025.08.18"]
[SourceQuality "1"]

1. d4 e6 2. c4 d5 3. Nf3 Nf6 4. g3 Be7 5. Bg2 O-O 6. O-O dxc4 7. Ne5 Nc6 8. Bxc6 bxc6 9. Nxc6 Qe8 10. Nxe7+ Qxe7 11. Qa4 Qd6 12. Rd1 Rd8 13. Bf4 Qb6 14. Nd2 Bd7 15. Qxc4 Nd5 16. Nb3 Nxf4 17. gxf4 Bb5 18. Qc2 Qd6 19. Qe4 f5 20. Qe3 Rf8 21. Rac1 Rf6 22. f3 Qe7 23. Kh1 Rh6 24. Rg1 Rh4 25. Rc5 Be8 26. Rxf5 Rxh2+ 27. Kxh2 Qh4+ 28. Kg2 exf5 29. Qe6+ Bf7 30. Qxf5 Re8 31. e4 Qd8 32. d5 c6 33. dxc6 Re6 34. c7 Qxc7 35. Rc1 Qd8 36. Kf2 Re8 37. Rc2 Qh4+ 38. Kg2 Be6 39. Qg5 Qh3+ 40. Kf2 Qh2+ 41. Qg2 Qxf4 42. Qg3 Qf6 43. e5 Qf5 44. Rc7 g6 45. Nd4 Qb1 46. Qh4 Bf7 47. Qf6 Qxb2+ 48. Kg3 Qxa2 49. e6 Rf8 50. exf7+ Rxf7 51. Rc8+ Rf8 52. Qxf8# 1-0

[Event "Mindsports Open 5th"]
[Site "London"]
[Date "2025.08.16"]
[Round "6.48"]
[White "Ganguly, Aryaman"]
[Black "Sajanani, Vikas"]
[Result "1/2-1/2"]
[WhiteElo "1824"]
[BlackElo "1892"]
[PlyCount "128"]
[EventDate "2025.08.13"]
[EventType "swiss"]
[EventRounds "9"]
[EventCountry "ENG"]
[SourceTitle "BritBase"]
[Source "John Saunders"]
[SourceDate "2025.08.18"]
[SourceVersion "1"]
[SourceVersionDate "2025.08.18"]
[SourceQuality "1"]

1. e4 c6 2. d4 d5 3. Nc3 dxe4 4. Nxe4 Nd7 5. Nf3 Ngf6 6. Nxf6+ Nxf6 7. Bc4 Bg4 8. Bxf7+ Kxf7 9. Ne5+ Kg8 10. Nxg4 Qd5 11. Nxf6+ exf6 12. O-O h5 13. c3 h4 14. Qb3 h3 15. g3 Re8 16. Bd2 Kh7 17. Qxd5 cxd5 18. Rfe1 Bd6 19. Rac1 b5 20. Kf1 Kg6 21. f3 Kf5 22. Kf2 g5 23. Ra1 g4 24. a4 Rxe1 25. Bxe1 b4 26. cxb4 Rc8 27. Bc3 Rc4 28. b5 Bb4 29. a5 Bxc3 30. bxc3 Rxc3 31. fxg4+ Ke4 32. Rb1 Rc2+ 33. Kg1 Rc7 34. Rf1 Rb7 35. Rxf6 Rxb5 36. g5 Rb1+ 37. Rf1 Rb7 38. g6 Rg7 39. Rf4+ Ke3 40. Rf6 Ke2 41. a6 Ke3 42. Rd6 Kf3 43. Rxd5 Rxg6 44. Ra5 Rb6 45. Ra1 Ke4 46. g4 Rb2 47. Ra3 Rg2+ 48. Kh1 Rxg4 49. Rxh3 Rg6 50. Ra3 Kxd4 51. h4 Ke4 52. Kh2 Kf5 53. Kh3 Rb6 54. Kg2 Kg6 55. Ra4 Kh5 56. Ra5+ Kh6 57. h5 Rc6 58. Kf3 Rc4 59. Ke3 Rc6 60. Kd4 Rf6 61. Ke5 Rb6 62. Kf4 Rf6+ 63. Kg4 Re6 64. Ra1 Rf6 1/2-1/2

[Event "Mindsports Open 5th"]
[Site "London"]
[Date "2025.08.17"]
[Round "7.1"]
[White "Csonka, Balazs"]
[Black "Urkedal, Frode Olav Olsen"]
[Result "1/2-1/2"]
[WhiteElo "2467"]
[BlackElo "2558"]
[PlyCount "21"]
[EventDate "2025.08.13"]
[EventType "swiss"]
[EventRounds "9"]
[EventCountry "ENG"]
[SourceTitle "BritBase"]
[Source "John Saunders"]
[SourceDate "2025.08.18"]
[SourceVersion "1"]
[SourceVersionDate "2025.08.18"]
[SourceQuality "1"]

1. d4 Nf6 2. c4 e6 3. Nf3 d5 4. g3 Bb4+ 5. Bd2 Be7 6. Bg2 c6 7. O-O O-O 8. Qc2 b6 9. Bf4 Bb7 10. Rd1 Nbd7 11. Ne5 1/2-1/2

[Event "Mindsports Open 5th"]
[Site "London"]
[Date "2025.08.17"]
[Round "7.2"]
[White "Janik, Igor"]
[Black "Clarke, Brandon G I"]
[Result "1-0"]
[WhiteElo "2519"]
[BlackElo "2491"]
[PlyCount "95"]
[EventDate "2025.08.13"]
[EventType "swiss"]
[EventRounds "9"]
[EventCountry "ENG"]
[SourceTitle "BritBase"]
[Source "John Saunders"]
[SourceDate "2025.08.18"]
[SourceVersion "1"]
[SourceVersionDate "2025.08.18"]
[SourceQuality "1"]

1. d4 Nf6 2. Nf3 g6 3. g3 Bg7 4. Bg2 O-O 5. O-O d6 6. c4 Nc6 7. Nc3 e5 8. dxe5 dxe5 9. Bg5 h6 10. Qxd8 Rxd8 11. Bxf6 Bxf6 12. Nd5 Kg7 13. Nxc7 Rb8 14. e4 Be7 15. Nd5 Bc5 16. Ne1 a5 17. Nd3 Bd4 18. Rac1 Be6 19. b3 b6 20. Kh1 Bxd5 21. cxd5 Nb4 22. Nxb4 axb4 23. Bh3 Bc5 24. Rc2 Rd6 25. Rd2 Re8 26. Kg2 h5 27. Re1 Kf8 28. Rc1 Ra8 29. Rc4 Ke7 30. f4 f6 31. Kf3 Rdd8 32. Be6 g5 33. Rcc2 Ra7 34. Bf5 Kd6 35. Bg6 Rh8 36. fxg5 fxg5 37. Kg2 Rg7 38. Bf5 Rc7 39. Rd1 Ra7 40. Kf1 Rha8 41. Rdd2 Rf8 42. h4 g4 43. Kg2 Rf6 44. Rd1 Ra8 45. Rdc1 Raf8 46. a4 bxa3 47. b4 Bxb4 48. Rc7 1-0

[Event "Mindsports Open 5th"]
[Site "London"]
[Date "2025.08.17"]
[Round "7.3"]
[White "Kovchan, Alexander"]
[Black "Czopor, Maciej"]
[Result "1/2-1/2"]
[WhiteElo "2450"]
[BlackElo "2434"]
[PlyCount "42"]
[EventDate "2025.08.13"]
[EventType "swiss"]
[EventRounds "9"]
[EventCountry "ENG"]
[SourceTitle "BritBase"]
[Source "John Saunders"]
[SourceDate "2025.08.18"]
[SourceVersion "1"]
[SourceVersionDate "2025.08.18"]
[SourceQuality "1"]

1. e4 e5 2. Nf3 Nc6 3. Bb5 a6 4. Ba4 Nf6 5. O-O Nxe4 6. d4 b5 7. Bb3 d5 8. dxe5 Be6 9. c3 Be7 10. Be3 O-O 11. Nbd2 Qd7 12. Bc2 f5 13. exf6 Nxf6 14. Re1 Rae8 15. a4 Bd6 16. axb5 axb5 17. Qb1 h6 18. Bg6 Bf7 19. Bf5 Be6 20. Bg6 Bf7 21. Bf5 Be6 1/2-1/2

[Event "Mindsports Open 5th"]
[Site "London"]
[Date "2025.08.17"]
[Round "7.4"]
[White "Hobson, Kenneth"]
[Black "Hauge, Lars Oskar"]
[Result "0-1"]
[WhiteElo "2361"]
[BlackElo "2460"]
[PlyCount "72"]
[EventDate "2025.08.13"]
[EventType "swiss"]
[EventRounds "9"]
[EventCountry "ENG"]
[SourceTitle "BritBase"]
[Source "John Saunders"]
[SourceDate "2025.08.18"]
[SourceVersion "1"]
[SourceVersionDate "2025.08.18"]
[SourceQuality "1"]

1. e4 c5 2. Nf3 e6 3. d4 cxd4 4. Nxd4 Nf6 5. Nc3 d6 6. g4 h6 7. Bg2 Nc6 8. Nb3 a6 9. Qe2 Qc7 10. f4 b5 11. Be3 Bb7 12. O-O-O b4 13. Na4 Nd7 14. Rhe1 Na5 15. Nxa5 Qxa5 16. b3 Bc6 17. Rd5 Qc7 18. Rd2 Bxa4 19. bxa4 Be7 20. Bd4 e5 21. Bb2 Nb6 22. a5 Nc4 23. Rd5 Nxb2 24. Kxb2 exf4 25. e5 O-O 26. Qe4 dxe5 27. Bf1 Rad8 28. Bd3 g6 29. Kb1 Bf6 30. Bxa6 Rxd5 31. Qxd5 e4 32. Bc4 e3 33. Qe4 Rc8 34. g5 Qxc4 35. Qxc4 Rxc4 36. gxf6 Rc5 0-1

[Event "Mindsports Open 5th"]
[Site "London"]
[Date "2025.08.17"]
[Round "7.5"]
[White "Lohia, Sohum"]
[Black "Willow, Jonah B"]
[Result "1/2-1/2"]
[WhiteElo "2387"]
[BlackElo "2459"]
[PlyCount "43"]
[EventDate "2025.08.13"]
[EventType "swiss"]
[EventRounds "9"]
[EventCountry "ENG"]
[SourceTitle "BritBase"]
[Source "John Saunders"]
[SourceDate "2025.08.18"]
[SourceVersion "1"]
[SourceVersionDate "2025.08.18"]
[SourceQuality "1"]

1. e4 c5 2. Nf3 g6 3. d4 cxd4 4. Nxd4 Nc6 5. c4 Nf6 6. Nc3 d6 7. f3 Nxd4 8. Qxd4 Bg7 9. Be3 O-O 10. Qd2 a5 11. Na4 Be6 12. Nb6 Rb8 13. Qxa5 Nd7 14. Qb4 f5 15. Nxd7 Qxd7 16. exf5 Rxf5 17. Be2 b5 18. cxb5 Re5 19. Qd2 Rd5 20. Qb4 Re5 21. Qd2 Rd5 22. Qb4 1/2-1/2

[Event "Mindsports Open 5th"]
[Site "London"]
[Date "2025.08.17"]
[Round "7.6"]
[White "Beerdsen, Thomas"]
[Black "Fitzsimons, David"]
[Result "1-0"]
[WhiteElo "2513"]
[BlackElo "2308"]
[PlyCount "107"]
[EventDate "2025.08.13"]
[EventType "swiss"]
[EventRounds "9"]
[EventCountry "ENG"]
[SourceTitle "BritBase"]
[Source "John Saunders"]
[SourceDate "2025.08.18"]
[SourceVersion "1"]
[SourceVersionDate "2025.08.18"]
[SourceQuality "1"]

1. e4 e6 2. d4 d5 3. Nc3 dxe4 4. Nxe4 Nd7 5. Nf3 Ngf6 6. Bg5 h6 7. Nxf6+ Nxf6 8. Be3 Bd6 9. Bd3 O-O 10. Qd2 Nd5 11. O-O b6 12. Rae1 Nxe3 13. fxe3 Bb7 14. e4 c5 15. e5 Be7 16. dxc5 Bxc5+ 17. Kh1 Qc7 18. Qf4 Rad8 19. Qg4 Rd7 20. Qh5 Rfd8 21. Re2 Rxd3 22. cxd3 Ba6 23. Rc1 Bxd3 24. Rd2 Bg6 25. Rxd8+ Qxd8 26. Qg4 Be3 27. Re1 Bf2 28. Ra1 Qd5 29. b3 a5 30. Qf4 Qd3 31. Qd2 Qxd2 32. Nxd2 Bd4 33. Rd1 Bc2 34. Rc1 Bf5 35. Rc6 g5 36. Nc4 Bb1 37. a3 Be4 38. Rc8+ Kg7 39. Nxa5 bxa5 40. Rc4 Bb2 41. Rxe4 Bxa3 42. g4 Kg6 43. Kg2 h5 44. h3 hxg4 45. hxg4 Kg7 46. Kf3 Kf8 47. Rc4 f6 48. Rc7 f5 49. Rc6 Kf7 50. gxf5 exf5 51. Rf6+ Ke7 52. Rxf5 Bc1 53. Rf6 Bb2 54. Ke4 1-0

[Event "Mindsports Open 5th"]
[Site "London"]
[Date "2025.08.17"]
[Round "7.7"]
[White "San Emeterio Cabanes, Jose L"]
[Black "Levin, Guy"]
[Result "0-1"]
[WhiteElo "2303"]
[BlackElo "2464"]
[PlyCount "62"]
[EventDate "2025.08.13"]
[EventType "swiss"]
[EventRounds "9"]
[EventCountry "ENG"]
[SourceTitle "BritBase"]
[Source "John Saunders"]
[SourceDate "2025.08.18"]
[SourceVersion "1"]
[SourceVersionDate "2025.08.18"]
[SourceQuality "1"]

1. d4 d5 2. Nf3 Nf6 3. g3 Nbd7 4. Bg2 e6 5. O-O b5 6. a4 b4 7. c4 bxc3 8. Nxc3 Ba6 9. Re1 Bb4 10. Bd2 O-O 11. Nb5 Bxd2 12. Qxd2 c6 13. Nc3 Rb8 14. b4 Rxb4 15. Ne5 Qb6 16. Nb5 Nxe5 17. dxe5 Rg4 18. exf6 cxb5 19. e4 dxe4 20. Rxe4 Rd8 21. Qb2 Rxe4 22. Bxe4 b4 23. Rb1 Rd4 24. Qc2 gxf6 25. Bxh7+ Kg7 26. a5 Qxa5 27. Be4 b3 28. Qc6 b2 29. Kg2 Rc4 30. Qa8 Qb6 31. Kh3 Rc8 0-1

[Event "Mindsports Open 5th"]
[Site "London"]
[Date "2025.08.17"]
[Round "7.8"]
[White "Badacsonyi, Stanley"]
[Black "Tica, Sven"]
[Result "1/2-1/2"]
[WhiteElo "2309"]
[BlackElo "2442"]
[PlyCount "105"]
[EventDate "2025.08.13"]
[EventType "swiss"]
[EventRounds "9"]
[EventCountry "ENG"]
[SourceTitle "BritBase"]
[Source "John Saunders"]
[SourceDate "2025.08.18"]
[SourceVersion "1"]
[SourceVersionDate "2025.08.18"]
[SourceQuality "1"]

1. d4 d6 2. e4 Nf6 3. Nc3 e5 4. dxe5 dxe5 5. Qxd8+ Kxd8 6. Bc4 Ke8 7. f4 Bb4 8. Bd3 Nbd7 9. Bd2 exf4 10. Nge2 c6 11. Bxf4 Ng4 12. h3 Nge5 13. O-O-O h5 14. Nd4 Bd6 15. Rhf1 g6 16. Be2 Bc7 17. Kb1 a6 18. Nf3 Bb8 19. Be3 b5 20. Rd2 Ke7 21. Rfd1 f6 22. a3 Bc7 23. Na2 Rd8 24. Nc1 Bb7 25. Nb3 a5 26. Nc5 Nxc5 27. Bxc5+ Ke6 28. a4 Nxf3 29. gxf3 Rxd2 30. Rxd2 Bf4 31. Rd1 Ba6 32. axb5 cxb5 33. Bb6 b4 34. Bd3 g5 35. Ka2 Be5 36. Bc5 Kf7 37. Bxa6 Rxa6 38. Kb3 a4+ 39. Kxb4 Bxb2 40. Rd7+ Kg6 41. Ra7 Rxa7 42. Bxa7 a3 43. Kb3 f5 44. c4 fxe4 45. fxe4 Kf6 46. Be3 g4 47. hxg4 h4 48. g5+ Ke5 49. Bf2 h3 50. Bg3+ Kxe4 51. g6 Bd4 52. Kxa3 Kf5 53. Kb4 1/2-1/2

[Event "Mindsports Open 5th"]
[Site "London"]
[Date "2025.08.17"]
[Round "7.9"]
[White "Vandenbussche, Thibaut"]
[Black "Bracker, Frank"]
[Result "1/2-1/2"]
[WhiteElo "2402"]
[BlackElo "2301"]
[PlyCount "79"]
[EventDate "2025.08.13"]
[EventType "swiss"]
[EventRounds "9"]
[EventCountry "ENG"]
[SourceTitle "BritBase"]
[Source "John Saunders"]
[SourceDate "2025.08.18"]
[SourceVersion "1"]
[SourceVersionDate "2025.08.18"]
[SourceQuality "1"]

1. e4 c5 2. Nf3 e6 3. c3 Nf6 4. Bd3 d5 5. e5 Nfd7 6. Bc2 c4 7. d4 cxd3 8. Bxd3 Nc6 9. Bf4 Be7 10. h3 b6 11. O-O Nc5 12. Bb5 Bd7 13. Nd4 Nxd4 14. Bxd7+ Nxd7 15. cxd4 O-O 16. Qg4 Re8 17. Nd2 Rc8 18. Rac1 b5 19. Be3 Nb6 20. b3 Qd7 21. Rc5 b4 22. Nf3 Qb7 23. Bh6 Bf8 24. h4 Nd7 25. Rxc8 Rxc8 26. h5 Kh8 27. Be3 h6 28. Qf4 Kg8 29. Qg3 Kh8 30. Qf4 Kg8 31. g4 f6 32. exf6 Nxf6 33. g5 hxg5 34. Nxg5 Qd7 35. h6 gxh6 36. Qxf6 hxg5 37. Qg6+ Bg7 38. Kg2 Qf7 39. Qxg5 Qf5 40. Qxf5 1/2-1/2

[Event "Mindsports Open 5th"]
[Site "London"]
[Date "2025.08.17"]
[Round "7.10"]
[White "Li, Wenxiang"]
[Black "Dignam, Matthew"]
[Result "1-0"]
[WhiteElo "2395"]
[BlackElo "2164"]
[PlyCount "53"]
[EventDate "2025.08.13"]
[EventType "swiss"]
[EventRounds "9"]
[EventCountry "ENG"]
[SourceTitle "BritBase"]
[Source "John Saunders"]
[SourceDate "2025.08.18"]
[SourceVersion "1"]
[SourceVersionDate "2025.08.18"]
[SourceQuality "1"]

1. Nf3 d6 2. d4 Bg4 3. e4 Nf6 4. Nc3 e6 5. h3 Bxf3 6. Qxf3 d5 7. exd5 exd5 8. Bg5 c6 9. O-O-O Be7 10. Bd3 O-O 11. h4 Re8 12. Rde1 Nbd7 13. g4 Qa5 14. Bd2 Nf8 15. g5 N6d7 16. h5 Bb4 17. Reg1 Re7 18. g6 fxg6 19. hxg6 hxg6 20. Bxg6 Nxg6 21. Rxg6 Nf8 22. Rg4 Bxc3 23. Bxc3 Qxa2 24. Bb4 Re2 25. Rxg7+ Kxg7 26. Bxf8+ Rxf8 27. Rg1+ 1-0